|
|
|
|
| LEADER |
00000nam a2200000 a 4500 |
| 001 |
vtls001348169 |
| 003 |
SK-MaSNL |
| 005 |
20260301200754.0 |
| 008 |
240318s1998 xo ap r yy slo |
| 015 |
|
|
|a SNBA1999/02-00490
|
| 020 |
|
|
|a 8071003808
|
| 035 |
|
|
|a SNK000301446
|
| 035 |
|
|
|a urn:nbn:sk:snk-amkihc
|
| 035 |
|
|
|a urn:nbn:sk:snk-am008h96
|
| 035 |
|
|
|a 025CF94A-B409-4D50-BA00-8249DB24D62B
|
| 040 |
|
|
|a SNK
|b slo
|c SNK
|e AACR2
|
| 041 |
0 |
|
|a slo
|
| 044 |
|
|
|a xo
|c SK
|
| 080 |
|
|
|a 681.3:654
|2 1981
|
| 100 |
1 |
|
|a Kállay, Fedor,
|d 1943-
|4 aut
|9 10237
|
| 245 |
1 |
0 |
|a Počítačové siete a ich aplikácie
|c Fedor Kállay, Peter Peniak
|
| 260 |
|
|
|a V Žiline
|b Žilinská univerzita
|c 1998
|
| 300 |
|
|
|a 284 s.
|b sch., tab.
|c 25 cm
|
| 500 |
|
|
|a 120 výt.
|
| 504 |
|
|
|a Bibliogr. s. 283-284
|
| 650 |
0 |
7 |
|a siete počítačové
|x aplikácie
|x monografie
|2 SNK
|9 580410
|
| 655 |
|
7 |
|a príručky
|2 SNK
|9 74364
|
| 700 |
1 |
|
|a Peniak, Peter,
|d 1968-
|4 aut
|9 237446
|
| 752 |
|
|
|d Žilina
|
| 919 |
|
|
|a 80-7100-380-8
|
| 958 |
|
|
|a TL
|
| 958 |
|
|
|a NB
|
| 999 |
|
|
|c 892007
|d 893937
|
| 952 |
|
|
|t P60, <09>, [BOOK], {629}
|a SNK
|b SNK
|y NEVYP
|7 0
|o snkC 866
|i snk1635/981117
|0 0
|1 0
|4 0
|d 1998-11-16
|l 0
|r 2005-01-02 00:00:00
|w 2026-02-24
|
| 952 |
|
|
|t P60, <03>, [BOOK], {603}
|a SNK
|b SNK
|y PREZ
|7 0
|p 17A0168563
|o snkSC 97183
|i snkKSP 10463/98
|0 0
|1 0
|4 0
|d 1998-11-16
|f 1
|l 0
|r 2025-09-16 00:00:00
|w 2026-02-24
|
| 952 |
|
|
|a SNK
|b SNK
|y VYP
|7 0
|p 17A0168564
|o snkSC 97183 D1
|i snkKSP 10464/98
|0 0
|1 0
|4 0
|d 1998-11-16
|l 0
|r 2005-01-02 00:00:00
|w 2026-02-24
|